Centroamérica: algunas reflexiones sobre las perspectivas del endeudamiento externo
Gespeichert in:
| 1. Verfasser: | |
|---|---|
| Format: | Text |
| Veröffentlicht: |
Heredia:
Universidad Nacional de Costa Rica. CEMLA
|
| Tags: |
Tag hinzufügen
Keine Tags, Fügen Sie den ersten Tag hinzu!
|
MARC
| LEADER | 00000 a a2200000 04500 | ||
|---|---|---|---|
| 001 | 22452 | ||
| 003 | |||
| 040 | |||
| 090 | |a 153000 | ||
| 100 | |a Caballeros Otero, Rómulo | ||
| 245 | |a Centroamérica: algunas reflexiones sobre las perspectivas del endeudamiento externo | ||
| 260 | |a Heredia: |b Universidad Nacional de Costa Rica. CEMLA | ||
| 300 | |a 16 p. | ||
| 999 | |c 15540 |d 15540 | ||
